<?xml version="1.0" encoding="UTF-8"?>
<record
    xmlns:xsi="http://www.w3.org/2001/XMLSchema-instance"
    xsi:schemaLocation="http://www.loc.gov/MARC21/slim http://www.loc.gov/standards/marcxml/schema/MARC21slim.xsd"
    xmlns="http://www.loc.gov/MARC21/slim">

  <leader>01848nam a22002897a 4500</leader>
  <controlfield tag="001">1262</controlfield>
  <controlfield tag="005">20240604144607.0</controlfield>
  <datafield tag="020" ind1=" " ind2=" ">
    <subfield code="a">9789996305450</subfield>
  </datafield>
  <datafield tag="040" ind1=" " ind2=" ">
    <subfield code="a">FISKH </subfield>
    <subfield code="b">eng</subfield>
    <subfield code="c">FISKH </subfield>
    <subfield code="d">FISKH </subfield>
  </datafield>
  <datafield tag="050" ind1=" " ind2=" ">
    <subfield code="a">PZ7</subfield>
  </datafield>
  <datafield tag="082" ind1=" " ind2=" ">
    <subfield code="a">551.567</subfield>
  </datafield>
  <datafield tag="100" ind1=" " ind2=" ">
    <subfield code="a">Kunthearo, Prum </subfield>
  </datafield>
  <datafield tag="245" ind1=" " ind2=" ">
    <subfield code="a">&#x1797;&#x17D2;&#x179B;&#x17B8;&#x1784;&#x1797;&#x17D2;&#x179B;&#x17BB;&#x1784; / </subfield>
    <subfield code="c">&#x1793;&#x17B7;&#x1796;&#x1793;&#x17D2;&#x1792;&#x178A;&#x17C4;&#x1799; &#x1796;&#x17D2;&#x179A;&#x17BB;&#x17C6; &#x1782;&#x1793;&#x17D2;&#x1792;&#x17B6;&#x179A;&#x17C9;&#x17BC; ; &#x1782;&#x17BC;&#x179A;&#x179A;&#x17BC;&#x1794;&#x178A;&#x17C4;&#x1799; &#x179F;&#x17BC; &#x1785;&#x179A;&#x17B7;&#x1799;&#x17B6; </subfield>
  </datafield>
  <datafield tag="250" ind1=" " ind2=" ">
    <subfield code="a">&#x1794;&#x17C4;&#x17C7;&#x1796;&#x17BB;&#x1798;&#x17D2;&#x1796;&#x179B;&#x17BE;&#x1780;&#x1791;&#x17B8;&#x17E6; &#x1780;&#x1789;&#x17D2;&#x1789;&#x17B6; &#x17E2;&#x17E0;&#x17E2;&#x17E1; </subfield>
  </datafield>
  <datafield tag="260" ind1=" " ind2=" ">
    <subfield code="a">Phnom Penh : </subfield>
    <subfield code="b">Sipar, </subfield>
    <subfield code="c">2021. </subfield>
  </datafield>
  <datafield tag="300" ind1=" " ind2=" ">
    <subfield code="a">20 pages : </subfield>
    <subfield code="b">color illustrations ; </subfield>
    <subfield code="c">27 cm </subfield>
  </datafield>
  <datafield tag="490" ind1=" " ind2=" ">
    <subfield code="a">&#x178F;&#x179F;&#x17CB;&#x17A2;&#x17B6;&#x1793; ! </subfield>
  </datafield>
  <datafield tag="505" ind1=" " ind2=" ">
    <subfield code="a">K 
</subfield>
  </datafield>
  <datafield tag="520" ind1=" " ind2=" ">
    <subfield code="a">&#x1797;&#x17D2;&#x179B;&#x17C0;&#x1784;&#x1785;&#x17B6;&#x1794;&#x17CB;&#x1795;&#x17D2;&#x178A;&#x17BE;&#x1798;&#x179F;&#x17D2;&#x179A;&#x1780;&#x17CB; &#x1792;&#x17D2;&#x179C;&#x17BE;&#x17B1;&#x17D2;&#x1799;&#x1791;&#x17BC;&#x1791;&#x17BC; &#x1798;&#x17B7;&#x1793;&#x17A2;&#x17B6;&#x1785;&#x1785;&#x17C1;&#x1789;&#x1791;&#x17C5;&#x179B;&#x17C1;&#x1784;&#x1781;&#x17B6;&#x1784;&#x1780;&#x17D2;&#x179A;&#x17C5;&#x1794;&#x17B6;&#x1793;&#x17D4; &#x1797;&#x17D2;&#x179B;&#x17C0;&#x1784;&#x1794;&#x1793;&#x17D2;&#x178F;&#x179F;&#x17D2;&#x179A;&#x1780;&#x17CB;&#x179A;&#x17A0;&#x17BC;&#x178F;&#x178A;&#x179B;&#x17CB;&#x179B;&#x17B7;&#x1785;&#x1780;&#x17B6;&#x17C6;&#x1787;&#x178E;&#x17D2;&#x178A;&#x17BE;&#x179A;&#x1791;&#x17B8;&#x1794;&#x17B8;&#x1795;&#x17D2;&#x1791;&#x17C7;&#x179A;&#x1794;&#x179F;&#x17CB;&#x1791;&#x17BC;&#x1791;&#x17BC; &#x17A0;&#x17BE;&#x1799;&#x1780;&#x17CF;&#x1794;&#x17B6;&#x1793;&#x179B;&#x17C1;&#x1785;&#x1785;&#x17C1;&#x1789; &#x1793;&#x17C5;&#x1780;&#x17BC;&#x1793;&#x1791;&#x17B6; &#x1780;&#x17BC;&#x1793;&#x1794;&#x17B6;&#x179B;&#x17CB;&#x1796;&#x178E;&#x17CD;&#x1781;&#x17C0;&#x179C; &#x1793;&#x17B7;&#x1784;&#x1780;&#x17BC;&#x1793;&#x1795;&#x17D2;&#x1780;&#x17B6;&#x1799;&#x1796;&#x178E;&#x17CD;&#x1780;&#x17D2;&#x179A;&#x17A0;&#x1798;&#x17D4; &#x1794;&#x1793;&#x17D2;&#x1791;&#x17B6;&#x1794;&#x17CB;&#x1796;&#x17B8;&#x1797;&#x17D2;&#x179B;&#x17C0;&#x1784;&#x1788;&#x1794;&#x17CB;&#x179F;&#x17D2;&#x179A;&#x1780;&#x17CB;&#x179A;&#x1794;&#x179F;&#x17CB;&#x1791;&#x17B6;&#x17C6;&#x1784;&#x1794;&#x17B8;&#x1793;&#x17C4;&#x17C7;&#x1780;&#x17CF;&#x1794;&#x17B6;&#x1793;&#x1794;&#x17B6;&#x178F;&#x17CB;&#x1791;&#x17C5;&#x178A;&#x17C2;&#x179A;&#x17D4; </subfield>
  </datafield>
  <datafield tag="520" ind1=" " ind2=" ">
    <subfield code="a">The rain began to fall, making it impossible for Tutu to go outside. The rain continued until it flooded the third staircase of Tutu's house and also appeared with the duckling, blue ball and red star. After the rain stopped, the three things also disappeared.</subfield>
  </datafield>
  <datafield tag="521" ind1=" " ind2=" ">
    <subfield code="a">510 
</subfield>
    <subfield code="b">Lexile estimate 
</subfield>
  </datafield>
  <datafield tag="521" ind1=" " ind2=" ">
    <subfield code="a">K 
</subfield>
    <subfield code="b">Raz-Plus 
</subfield>
  </datafield>
  <datafield tag="650" ind1=" " ind2=" ">
    <subfield code="a">&#x1797;&#x17D2;&#x179B;&#x17C0;&#x1784; </subfield>
    <subfield code="v">&#x179B;&#x17B7;&#x1785; </subfield>
    <subfield code="x">&#x1788;&#x1794;&#x17CB; </subfield>
  </datafield>
  <datafield tag="650" ind1=" " ind2=" ">
    <subfield code="a">Rain</subfield>
    <subfield code="v">Flood </subfield>
    <subfield code="x">Stop </subfield>
  </datafield>
  <datafield tag="700" ind1=" " ind2=" ">
    <subfield code="a">Chakriya, Sou </subfield>
    <subfield code="c">illustrator </subfield>
  </datafield>
  <datafield tag="942" ind1=" " ind2=" ">
    <subfield code="2">ddc</subfield>
    <subfield code="c">BK</subfield>
    <subfield code="n">0</subfield>
  </datafield>
  <datafield tag="999" ind1=" " ind2=" ">
    <subfield code="c">1262</subfield>
    <subfield code="d">1262</subfield>
  </datafield>
  <datafield tag="952" ind1=" " ind2=" ">
    <subfield code="0">0</subfield>
    <subfield code="1">0</subfield>
    <subfield code="2">ddc</subfield>
    <subfield code="4">0</subfield>
    <subfield code="7">0</subfield>
    <subfield code="8">KH</subfield>
    <subfield code="a">001</subfield>
    <subfield code="b">001</subfield>
    <subfield code="c">KHRS</subfield>
    <subfield code="d">2023-08-09</subfield>
    <subfield code="l">0</subfield>
    <subfield code="o">KUN 551.567</subfield>
    <subfield code="p">2023-0225</subfield>
    <subfield code="r">2023-08-09 15:35:09</subfield>
    <subfield code="t">1</subfield>
    <subfield code="w">2023-08-09</subfield>
    <subfield code="y">KHB</subfield>
  </datafield>
  <datafield tag="952" ind1=" " ind2=" ">
    <subfield code="0">0</subfield>
    <subfield code="1">0</subfield>
    <subfield code="2">ddc</subfield>
    <subfield code="4">0</subfield>
    <subfield code="7">0</subfield>
    <subfield code="8">KH</subfield>
    <subfield code="a">001</subfield>
    <subfield code="b">001</subfield>
    <subfield code="c">KHRS</subfield>
    <subfield code="d">2023-08-09</subfield>
    <subfield code="l">0</subfield>
    <subfield code="o">KUN 551.567</subfield>
    <subfield code="p">2023-0226</subfield>
    <subfield code="r">2023-08-09 15:35:18</subfield>
    <subfield code="t">2</subfield>
    <subfield code="w">2023-08-09</subfield>
    <subfield code="y">KHB</subfield>
  </datafield>
  <datafield tag="952" ind1=" " ind2=" ">
    <subfield code="0">0</subfield>
    <subfield code="1">0</subfield>
    <subfield code="2">ddc</subfield>
    <subfield code="4">0</subfield>
    <subfield code="7">0</subfield>
    <subfield code="8">KH</subfield>
    <subfield code="a">001</subfield>
    <subfield code="b">001</subfield>
    <subfield code="c">KHRS</subfield>
    <subfield code="d">2023-08-09</subfield>
    <subfield code="l">0</subfield>
    <subfield code="o">KUN 551.567</subfield>
    <subfield code="p">FISTKG3B005</subfield>
    <subfield code="r">2023-10-10 10:12:49</subfield>
    <subfield code="t">3</subfield>
    <subfield code="w">2023-08-09</subfield>
    <subfield code="y">KHB</subfield>
  </datafield>
  <datafield tag="952" ind1=" " ind2=" ">
    <subfield code="0">0</subfield>
    <subfield code="1">0</subfield>
    <subfield code="2">ddc</subfield>
    <subfield code="4">0</subfield>
    <subfield code="7">0</subfield>
    <subfield code="8">KH</subfield>
    <subfield code="a">001</subfield>
    <subfield code="b">001</subfield>
    <subfield code="c">KHRS</subfield>
    <subfield code="d">2023-08-09</subfield>
    <subfield code="l">0</subfield>
    <subfield code="o">KUN 551.567</subfield>
    <subfield code="p">FISTKG2B052</subfield>
    <subfield code="r">2023-10-10 10:13:18</subfield>
    <subfield code="t">4</subfield>
    <subfield code="w">2023-08-09</subfield>
    <subfield code="y">KHB</subfield>
  </datafield>
  <datafield tag="952" ind1=" " ind2=" ">
    <subfield code="0">0</subfield>
    <subfield code="1">0</subfield>
    <subfield code="2">ddc</subfield>
    <subfield code="4">0</subfield>
    <subfield code="7">0</subfield>
    <subfield code="8">KH</subfield>
    <subfield code="a">001</subfield>
    <subfield code="b">001</subfield>
    <subfield code="c">KHRS</subfield>
    <subfield code="d">2023-08-09</subfield>
    <subfield code="l">1</subfield>
    <subfield code="o">KUN 551.567</subfield>
    <subfield code="p">FISTKG2A018</subfield>
    <subfield code="q">2026-04-15</subfield>
    <subfield code="r">2026-04-01 08:17:40</subfield>
    <subfield code="s">2026-04-01</subfield>
    <subfield code="t">5</subfield>
    <subfield code="w">2023-08-09</subfield>
    <subfield code="y">KHB</subfield>
  </datafield>
  <datafield tag="952" ind1=" " ind2=" ">
    <subfield code="0">0</subfield>
    <subfield code="1">0</subfield>
    <subfield code="2">ddc</subfield>
    <subfield code="4">0</subfield>
    <subfield code="7">0</subfield>
    <subfield code="8">KH</subfield>
    <subfield code="a">001</subfield>
    <subfield code="b">001</subfield>
    <subfield code="c">OKHR</subfield>
    <subfield code="d">2024-06-04</subfield>
    <subfield code="l">0</subfield>
    <subfield code="o">KUN 551.567</subfield>
    <subfield code="p">FISTK05234</subfield>
    <subfield code="r">2024-06-04 14:45:41</subfield>
    <subfield code="t">6</subfield>
    <subfield code="w">2024-06-04</subfield>
    <subfield code="y">KHB</subfield>
  </datafield>
  <datafield tag="952" ind1=" " ind2=" ">
    <subfield code="0">0</subfield>
    <subfield code="1">0</subfield>
    <subfield code="2">ddc</subfield>
    <subfield code="4">0</subfield>
    <subfield code="7">0</subfield>
    <subfield code="8">KH</subfield>
    <subfield code="a">001</subfield>
    <subfield code="b">001</subfield>
    <subfield code="c">OKHR</subfield>
    <subfield code="d">2024-06-27</subfield>
    <subfield code="l">0</subfield>
    <subfield code="o">KUN 551.567</subfield>
    <subfield code="p">2024-0887</subfield>
    <subfield code="r">2024-06-27 09:59:24</subfield>
    <subfield code="t">7</subfield>
    <subfield code="w">2024-06-27</subfield>
    <subfield code="y">KHB</subfield>
  </datafield>
  <datafield tag="952" ind1=" " ind2=" ">
    <subfield code="0">0</subfield>
    <subfield code="1">0</subfield>
    <subfield code="2">ddc</subfield>
    <subfield code="4">0</subfield>
    <subfield code="7">0</subfield>
    <subfield code="8">KH</subfield>
    <subfield code="a">001</subfield>
    <subfield code="b">001</subfield>
    <subfield code="c">OKHR</subfield>
    <subfield code="d">2024-06-27</subfield>
    <subfield code="l">0</subfield>
    <subfield code="o">KUN 551.567</subfield>
    <subfield code="p">FISTK03468</subfield>
    <subfield code="r">2024-06-27 15:29:39</subfield>
    <subfield code="t">8</subfield>
    <subfield code="w">2024-06-27</subfield>
    <subfield code="y">KHB</subfield>
  </datafield>
  <datafield tag="952" ind1=" " ind2=" ">
    <subfield code="0">0</subfield>
    <subfield code="1">0</subfield>
    <subfield code="2">ddc</subfield>
    <subfield code="4">0</subfield>
    <subfield code="7">0</subfield>
    <subfield code="8">KH</subfield>
    <subfield code="a">001</subfield>
    <subfield code="b">001</subfield>
    <subfield code="c">OKHR</subfield>
    <subfield code="d">2024-07-08</subfield>
    <subfield code="l">0</subfield>
    <subfield code="o">KUN 551.567</subfield>
    <subfield code="p">FISTKG2A033</subfield>
    <subfield code="r">2024-07-08 10:50:39</subfield>
    <subfield code="t">9</subfield>
    <subfield code="w">2024-07-08</subfield>
    <subfield code="y">KHB</subfield>
  </datafield>
  <datafield tag="952" ind1=" " ind2=" ">
    <subfield code="0">0</subfield>
    <subfield code="1">0</subfield>
    <subfield code="2">ddc</subfield>
    <subfield code="4">0</subfield>
    <subfield code="7">0</subfield>
    <subfield code="8">KH</subfield>
    <subfield code="a">001</subfield>
    <subfield code="b">001</subfield>
    <subfield code="c">OKHR</subfield>
    <subfield code="d">2024-07-08</subfield>
    <subfield code="l">0</subfield>
    <subfield code="o">KUN 551.567</subfield>
    <subfield code="p">FISBK03694</subfield>
    <subfield code="r">2024-07-08 10:50:59</subfield>
    <subfield code="t">10</subfield>
    <subfield code="w">2024-07-08</subfield>
    <subfield code="y">KHB</subfield>
  </datafield>
  <datafield tag="952" ind1=" " ind2=" ">
    <subfield code="0">0</subfield>
    <subfield code="1">0</subfield>
    <subfield code="2">ddc</subfield>
    <subfield code="4">0</subfield>
    <subfield code="7">0</subfield>
    <subfield code="8">KH</subfield>
    <subfield code="a">001</subfield>
    <subfield code="b">001</subfield>
    <subfield code="c">OKHR</subfield>
    <subfield code="d">2024-07-08</subfield>
    <subfield code="l">0</subfield>
    <subfield code="o">KUN 551.567</subfield>
    <subfield code="p">FISTK03467</subfield>
    <subfield code="r">2024-07-08 10:51:15</subfield>
    <subfield code="t">11</subfield>
    <subfield code="w">2024-07-08</subfield>
    <subfield code="y">KHB</subfield>
  </datafield>
  <datafield tag="952" ind1=" " ind2=" ">
    <subfield code="0">0</subfield>
    <subfield code="1">0</subfield>
    <subfield code="2">ddc</subfield>
    <subfield code="4">0</subfield>
    <subfield code="7">0</subfield>
    <subfield code="8">KH</subfield>
    <subfield code="a">001</subfield>
    <subfield code="b">001</subfield>
    <subfield code="c">OKHR</subfield>
    <subfield code="d">2024-07-08</subfield>
    <subfield code="l">0</subfield>
    <subfield code="o">KUN 551.567</subfield>
    <subfield code="p">FISTKG2B049</subfield>
    <subfield code="r">2024-07-08 10:51:31</subfield>
    <subfield code="t">12</subfield>
    <subfield code="w">2024-07-08</subfield>
    <subfield code="y">KHB</subfield>
  </datafield>
  <datafield tag="952" ind1=" " ind2=" ">
    <subfield code="0">0</subfield>
    <subfield code="1">0</subfield>
    <subfield code="2">ddc</subfield>
    <subfield code="4">0</subfield>
    <subfield code="7">0</subfield>
    <subfield code="8">KH</subfield>
    <subfield code="a">001</subfield>
    <subfield code="b">001</subfield>
    <subfield code="c">OKHR</subfield>
    <subfield code="d">2024-09-05</subfield>
    <subfield code="l">0</subfield>
    <subfield code="o">KUN 551.567</subfield>
    <subfield code="p">FISTKG3A168</subfield>
    <subfield code="r">2024-09-05 10:58:36</subfield>
    <subfield code="t">13</subfield>
    <subfield code="w">2024-09-05</subfield>
    <subfield code="y">KHB</subfield>
  </datafield>
  <datafield tag="952" ind1=" " ind2=" ">
    <subfield code="0">0</subfield>
    <subfield code="1">0</subfield>
    <subfield code="2">ddc</subfield>
    <subfield code="4">0</subfield>
    <subfield code="7">0</subfield>
    <subfield code="8">KH</subfield>
    <subfield code="a">001</subfield>
    <subfield code="b">001</subfield>
    <subfield code="c">OKHR</subfield>
    <subfield code="d">2024-09-06</subfield>
    <subfield code="l">0</subfield>
    <subfield code="o">KUN 551.567</subfield>
    <subfield code="p">FISTKG3A034</subfield>
    <subfield code="r">2024-09-06 09:46:45</subfield>
    <subfield code="t">14</subfield>
    <subfield code="w">2024-09-06</subfield>
    <subfield code="y">KHB</subfield>
  </datafield>
  <datafield tag="952" ind1=" " ind2=" ">
    <subfield code="0">0</subfield>
    <subfield code="1">0</subfield>
    <subfield code="2">ddc</subfield>
    <subfield code="4">0</subfield>
    <subfield code="7">0</subfield>
    <subfield code="8">KH</subfield>
    <subfield code="a">002</subfield>
    <subfield code="b">002</subfield>
    <subfield code="c">TTP Khmer</subfield>
    <subfield code="d">2025-08-21</subfield>
    <subfield code="l">0</subfield>
    <subfield code="o">KUN 551.567</subfield>
    <subfield code="p">2025-4190</subfield>
    <subfield code="r">2025-08-21 12:53:37</subfield>
    <subfield code="t">15</subfield>
    <subfield code="w">2025-08-21</subfield>
    <subfield code="y">KHB</subfield>
  </datafield>
  <datafield tag="952" ind1=" " ind2=" ">
    <subfield code="0">0</subfield>
    <subfield code="1">0</subfield>
    <subfield code="2">ddc</subfield>
    <subfield code="4">0</subfield>
    <subfield code="7">0</subfield>
    <subfield code="8">KH</subfield>
    <subfield code="a">002</subfield>
    <subfield code="b">002</subfield>
    <subfield code="c">TTP Khmer</subfield>
    <subfield code="d">2025-09-16</subfield>
    <subfield code="l">0</subfield>
    <subfield code="o">KUN 551.567</subfield>
    <subfield code="p">FISBK072708</subfield>
    <subfield code="r">2025-09-16 11:11:05</subfield>
    <subfield code="t">16</subfield>
    <subfield code="w">2025-09-16</subfield>
    <subfield code="y">KHB</subfield>
  </datafield>
  <datafield tag="952" ind1=" " ind2=" ">
    <subfield code="0">0</subfield>
    <subfield code="1">0</subfield>
    <subfield code="2">ddc</subfield>
    <subfield code="4">0</subfield>
    <subfield code="7">0</subfield>
    <subfield code="8">KH</subfield>
    <subfield code="a">002</subfield>
    <subfield code="b">002</subfield>
    <subfield code="c">TTP Khmer</subfield>
    <subfield code="d">2025-11-10</subfield>
    <subfield code="l">0</subfield>
    <subfield code="o">KUN 551.567</subfield>
    <subfield code="p">FISBK03706</subfield>
    <subfield code="r">2025-11-10 16:24:14</subfield>
    <subfield code="t">17</subfield>
    <subfield code="w">2025-11-10</subfield>
    <subfield code="y">KHB</subfield>
  </datafield>
  <datafield tag="952" ind1=" " ind2=" ">
    <subfield code="0">0</subfield>
    <subfield code="1">0</subfield>
    <subfield code="2">ddc</subfield>
    <subfield code="4">0</subfield>
    <subfield code="7">0</subfield>
    <subfield code="8">KH</subfield>
    <subfield code="a">002</subfield>
    <subfield code="b">002</subfield>
    <subfield code="c">TTP Khmer</subfield>
    <subfield code="d">2025-11-27</subfield>
    <subfield code="l">1</subfield>
    <subfield code="o">KUN 551.567</subfield>
    <subfield code="p">2025-4956</subfield>
    <subfield code="r">2026-03-11 14:30:46</subfield>
    <subfield code="s">2026-03-11</subfield>
    <subfield code="t">18</subfield>
    <subfield code="w">2025-11-27</subfield>
    <subfield code="y">KHB</subfield>
  </datafield>
</record>
